| 000 | 00809 a2200205 4500 | ||
|---|---|---|---|
| 020 | _a0273603833 | ||
| 020 | _a9780273603832 | ||
| 090 |
_c2670 _d2670 |
||
| 100 | 1 | _aKeuning, Doede. | |
| 245 | 1 | 0 |
_aDelayering organizations : _bhow to beat bureaucracy and create a flexible and responsible organization / _cDoede Keuning. |
| 260 |
_a[S.l.] : _bFinancial Times Management, _c1994. |
||
| 300 |
_a224 p. ; _c24 cm. |
||
| 490 | 1 | _aFinancial times/pitman publishing series. | |
| 500 | _aHardcover. | ||
| 700 | 1 | _aOpheij, Wilfrid. | |
| 830 | 0 | _aFinancial times/pitman publishing series. | |
| 856 | 4 | 0 |
_3Amazon.com _uhttp://www.amazon.com/exec/obidos/ASIN/0273603833/chopaconline-20 |
| 856 | 4 | 0 |
_3Amazon customer reviews _uhttp://www.chopac.org/cgi-bin/tools/azrev.pl?q=0273603833 |
| 942 |
_aNBS _cBK _k302.35 KEU |
||
| 999 |
_c345162 _d345162 |
||